000 00278nam a2200109Ia 4500
005 20251222154304.0
008 251222s9999||||xx |||||||||||||| ||spa||
082 _a577.7/I53
100 _a"Ingle, Ray"
245 0 _a"Curiosidades del mar, fauna y flora del litoral"
942 _cLIB
999 _c33140
_d33140